| 000 | 00620nam a2200241Ia 4500 | ||
|---|---|---|---|
| 001 | 24645 | ||
| 005 | 20240114000814.0 | ||
| 007 | ta | ||
| 008 | 060412s1988 a g b000 u 465 u | ||
| 040 | _aCotton College,Assam | ||
| 041 | _a465 | ||
| 082 |
_a823 _bMu 91 Se |
||
| 100 | _aMullan, John . | ||
| 245 | 0 |
_aSentiment and Sociability / _cJohn Mullan. _hTextual Documents |
|
| 250 | _a1st ed. / | ||
| 260 |
_aOxford : _bClarendon Press , _c1988. |
||
| 300 |
_a261p. : _bill ; _c22cm . |
||
| 653 | _aEnglish Novel | ||
| 653 | _aG-English | ||
| 942 |
_2ddc _cBK |
||
| 999 |
_c24627 _d24627 |
||